| 000 | 00412nam a2200145Ia 4500 | ||
|---|---|---|---|
| 008 | 220214s9999 xx 000 0 und d | ||
| 022 | _a0300-3604 | ||
| 245 | 0 | _aPHOTOSYNTHETICA | |
| 260 | _bCzechoslovak Academy of Sciences, Prague, Czechoslovakia | ||
| 310 | _aQ | ||
| 500 | _aEnding Volume & Year: 24, 1990 | ||
| 500 | _aMissing Volume: 14(1-2) | ||
| 500 | _aStarting Volume & Year: 14, 1980 | ||
| 942 | _cBJ | ||
| 999 |
_c11520 _d11520 |
||